000 00452pab a2200157 454500
008 180718b2013 xxu||||| |||| 00| 0 eng d
100 _aO'Loughlin, Mary Ann
245 _aAccountability and reforms to Australia's federal financial relations
260 _c2013
300 _ap.376-381.
362 _aSep
650 _aIntergovernmental fiscal relations
773 _aAustralian Journal of Public Administration
908 _aN
909 _a103293
999 _c103289
_d103289